| 000 | 00417nam a2200145Ia 4500 | ||
|---|---|---|---|
| 008 | 231129s1985||||xx |||||||||||||| ||spa|| | ||
| 020 | _a84-7634-202-0 | ||
| 040 | _bspa | ||
| 082 | _a951.05 Ch518m | ||
| 100 | _aCh'en Jerome | ||
| 245 | 0 | _aMao y la Revolucion China (Seguido de Treinta y siete poemas de Mao Tse-Tung) | |
| 260 | _c1985 | ||
| 264 | _aOrbis | ||
| 942 |
_2ddc _cBKS |
||
| 999 |
_c20592 _d20592 |
||